| 000 | 00517nam a2200169Ia 4500 | ||
|---|---|---|---|
| 999 |
_c19283 _d19283 |
||
| 003 | OSt | ||
| 005 | 20200515090729.0 | ||
| 008 | 190216s9999||||xx |||||||||||||| ||und|| | ||
| 040 | _coclc | ||
| 082 |
_a297.63 _bSID/L |
||
| 100 |
_aSiddiqui, Abdul Hameed _92140 |
||
| 245 | 4 |
_aThe Life Of Muhammad / _cAbdul Hameed Siddiqui |
|
| 260 |
_bHilal Publications, _c1982. |
||
| 300 | _a336p | ||
| 650 | 0 |
_aHistory & geography _vIslamic History _92271 |
|
| 942 |
_cBK _2ddc _h297.63 _iSID/L _k297.63 _mSID/L |
||